[Event "Vadsøsjakken"]
[Site "Vadsø"]
[Date "2010.08.29"]
[Round "5"]
[White "Arvola, Benjamin"]
[Black "Savenkova, Anna"]
[Result "1-0"]
[WhiteElo "2170"]
[BlackElo "2141"]
[Annotator ""]
[Source ""]
[Remark "Gruppe A"]

1.e4 d6 2.d4 Nf6 3.Nc3 c6 4.f4 Qa5 5.Bd3 e5 6.dxe5 dxe5 7.Nf3
exf4 8.Bxf4 Qb6 9.Qd2 Qxb2 10.Rb1 Qa3 11.e5 Nd5 12.Nxd5 cxd5
13.O-O Bc5+ 14.Kh1 Nc6 15.Ng5 g6 16.Nxf7 Kxf7 17.Bh6+ Ke8 18.Qf4
Nd8 19.Qf6 Rg8 20.e6 Bxe6 21.Bb5+ Bd7 22.Rbe1+ 1-0

[Event "Vadsøsjakken"]
[Site "Vadsø"]
[Date "2010.08.29"]
[Round "5"]
[White "Bue, Gunnar"]
[Black "Brasøy, Aksel"]
[Result "0-1"]
[WhiteElo "1674"]
[BlackElo "1917"]
[Annotator ""]
[Source ""]
[Remark "Gruppe A"]

1.d4 Nf6 2.c4 g6 3.Nc3 d5 4.e3 Bg7 5.cxd5 Nxd5 6.Bd2 O-O 7.Nf3
c5 8.Rc1 cxd4 9.Nxd4 a6 10.Be2 e5 11.Nb3 Nc6 12.O-O Ndb4 13.a3
Nd3 14.Bxd3 Qxd3 15.Qe2 Qf5 16.Rfd1 Qg5 17.Ne4 Qh4 18.Nd6 e4
19.Nxc8 Raxc8 20.Bc3 Ne5 21.Bxe5 Bxe5 22.g3 Qe7 23.Rxc8 Rxc8
24.Qd2 {(=)} h5 25.Qd7 Qxd7 26.Rxd7 Bxb2 27.Rxb7 Bxa3 28.Rb6
Ra8 29.Nd2 a5 30.Nxe4 a4 31.Kf1 Bf8 32.Nf6+ Kg7 33.Nd7 a3 34.Rb1
a2 35.Ra1 Bb4 36.Nb6 Bc3 0-1

[Event "Vadsøsjakken"]
[Site "Vadsø"]
[Date "2010.08.29"]
[Round "5"]
[White "Hanssen, Gunnar Berg"]
[Black "Houska, Jovanka"]
[Result "0-1"]
[WhiteElo "2085"]
[BlackElo "2421"]
[Annotator ""]
[Source ""]
[Remark "Gruppe A"]

1.c4 c6 2.Nf3 d5 3.d4 Nf6 4.e3 Bg4 5.h3 Bxf3 6.Qxf3 e6 7.Nc3
Nbd7 8.Bd3 Bb4 9.Bd2 O-O 10.a3 Ba5 11.Rd1 Re8 12.b4 Bc7 13.O-O
e5 14.cxd5 cxd5 15.Bb5 e4 16.Qf5 g6 17.Qg5 Kg7 18.f3 h6 19.Qh4
a6 20.Ba4 b5 21.Bc2 Nb6 22.fxe4 Nxe4 23.Qxd8 Bxd8 24.Nxe4 dxe4
25.Bb3 Nc4 26.Bxc4 bxc4 27.Rc1 Rc8 28.Rc2 Re7 29.Bc3 Rd7 30.Bb2
f5 31.g4 fxg4 32.hxg4 Bg5 33.Rc3 Rf7 34.a4 Rxf1+ 35.Kxf1 Kf7
36.Ke2 Ke6 37.Rc1 Kd5 38.Bc3 Rf8 39.Bd2 Rf3 40.b5 axb5 41.axb5
Rh3 42.Rf1 c3 43.Bc1 Rh2+ 44.Rf2 Rxf2+ 45.Kxf2 Bd8 0-1

[Event "Vadsøsjakken"]
[Site "Vadsø"]
[Date "2010.08.29"]
[Round "5"]
[White "Tiviakov, Sergei"]
[Black "Getz, Nicolai"]
[Result "1-0"]
[WhiteElo "2623"]
[BlackElo "2252"]
[Annotator ""]
[Source ""]
[Remark "Gruppe A"]

1.e4 e5 2.Nf3 Nc6 3.Bc4 Bc5 4.c3 Nf6 5.d3 a6 6.Bb3 Ba7 7.h3 O-O
8.Bg5 d6 9.Nbd2 Be6 10.Nh2 h6 11.Bh4 g5 12.Bg3 Qd7 13.h4 g4 14.Qe2
b5 15.f3 Nh5 16.Ndf1 Bxb3 17.axb3 f5 18.fxg4 fxg4 19.Nxg4 Qg7
20.Bh2 Nf4 21.Bxf4 exf4 22.Nd2 b4 23.d4 d5 24.e5 Bxd4 25.cxd4
Nxd4 26.Qd3 c5 27.Nf6+ Rxf6 28.exf6 Re8+ 29.Kf1 Qg4 30.Re1 Rxe1+
31.Kxe1 Qxg2 32.Rf1 f3 33.Rxf3 Nxf3+ 34.Nxf3 Kf7 35.Qf5 Qh1+
36.Kf2 1-0

[Event "Vadsøsjakken"]
[Site "Vadsø"]
[Date "2010.08.29"]
[Round "5"]
[White "Johnsen, Kjell Magne"]
[Black "Andreassen, Arnold"]
[Result "0-1"]
[WhiteElo "1937"]
[BlackElo "2098"]
[Annotator ""]
[Source ""]
[Remark "Gruppe A"]

1.d4 Nf6 2.c4 g6 3.Nc3 d5 4.cxd5 Nxd5 5.e4 Nxc3 6.bxc3 Bg7 7.Nf3
c5 8.Be3 Qa5 9.Qd2 O-O 10.Rb1 cxd4 11.cxd4 Qxd2+ 12.Nxd2 b6 13.Bb5
Bb7 14.Rc1 Na6 15.f3 Rfc8 16.O-O Nb4 17.Bd7 Rxc1 18.Rxc1 Nxa2
19.Rc7 Ba6 20.Bc6 Rc8 21.Rxa7 Nb4 22.Bd7 Rc1+ 23.Kf2 h5 24.Kg3
Re1 25.Bf4 Bxd4 26.Nb3 Bc3 27.Rc7 Bf6 28.Ra7 Bf1 29.Bd2 h4+ 30.Kg4
Rb1 31.Bxb4 Rxb3 32.Be1 Bxg2 33.Bxh4 Bxf3+ 0-1

[Event "Vadsøsjakken"]
[Site "Vadsø"]
[Date "2010.08.29"]
[Round "5"]
[White "Grønn, Atle"]
[Black "Hagesæther, Arne"]
[Result "1-0"]
[WhiteElo "2378"]
[BlackElo "2081"]
[Annotator ""]
[Source ""]
[Remark "Gruppe A"]

1.Nf3 c6 2.c4 d5 3.d4 Nf6 4.Qc2 Bg4 5.Ne5 e6 6.Nxg4 Nxg4 7.Bf4
Bd6 8.Bg3 f5 9.Bxd6 Qxd6 10.cxd5 cxd5 11.h3 Nf6 12.Qc8+ Kf7 13.Qxh8
Qb4+ 14.Nd2 Ne4 15.Rd1 Nc6 16.Qxa8 Nxd4 17.e3 Nc2+ 18.Ke2 Qxb2
19.Kf3 Qe5 20.Qxb7+ Kf6 21.Nxe4+ Qxe4+ 22.Ke2 Nb4 23.f3 Qc2+
24.Rd2 1-0

[Event "Vadsøsjakken"]
[Site "Vadsø"]
[Date "2010.08.29"]
[Round "5"]
[White "Holm, Kristian Stuvik"]
[Black "Røyset, Pål"]
[Result "0-1"]
[WhiteElo "2035"]
[BlackElo "2060"]
[Annotator ""]
[Source ""]
[Remark "Gruppe A"]

1.d4 Nf6 2.c4 e6 3.Nf3 d5 4.cxd5 exd5 5.Nc3 c6 6.Bg5 Be7 7.e3
Bf5 8.Bd3 Bxd3 9.Qxd3 Nbd7 10.O-O O-O 11.Qf5 {(=)} g6 12.Qc2
Re8 13.Bf4 Nh5 14.Rfe1 Nxf4 15.exf4 Bd6 16.f5 Qf6 17.fxg6 hxg6
18.Qd3 Kg7 19.g3 Re6 20.Re2 Rh8 21.h4 Rhe8 22.Rae1 Bc7 23.Ng5
R6e7 24.Rxe7 Rxe7 25.Rxe7 {(=)} Qxe7 26.Qe3 Qxe3 27.fxe3 Bxg3
28.Nf3 Nf6 29.Kg2 Bd6 30.Ng5 Be7 31.Kf3 Nh7 32.Kg4 f5+ 33.Kf4
Bd6+ 34.Kf3 Nf8 35.Ne2 Kf6 36.Nf4 Bb4 37.Ke2 Ba5 38.Kf2 Bc7 39.Kf3
Bxf4 40.exf4 Nd7 41.Ke3 a5 42.b3 b6 43.Kd3 c5 44.a3 Nb8 45.Kc3
Nc6 46.Nf3 Ke6 47.Kd3 Kf6 48.Ke3 Kg7 49.dxc5 bxc5 50.h5 gxh5
51.Kd3 Kf6 52.Ke3 Ke6 53.Kd3 Nd4 54.Ng5+ Kd6 55.b4 axb4 56.axb4
Nb3 57.bxc5+ Nxc5+ 58.Kd4 Ne6+ 0-1

[Event "Vadsøsjakken"]
[Site "Vadsø"]
[Date "2010.08.29"]
[Round "5"]
[White "Feoktistov, Aleksei"]
[Black "Demac, Elias"]
[Result "1-0"]
[WhiteElo "2424"]
[BlackElo "2112"]
[Annotator ""]
[Source ""]
[Remark "Gruppe A"]

1.e4 c6 2.d4 d5 3.Nc3 dxe4 4.Nxe4 Nd7 5.Nf3 Ngf6 6.Ned2 g6 7.h3
Bg7 8.Bc4 O-O 9.O-O b6 10.Re1 Bb7 11.Ne5 Nxe5 12.dxe5 Nd5 13.Nf3
e6 14.Bg5 Qc7 15.Qd2 b5 16.Bxd5 exd5 17.Bf6 c5 18.Nh2 h5 19.Qg5
Kh7 20.Nf3 d4 21.Bxg7 Kxg7 22.Nh4 Kh7 23.e6 Rae8 24.Re5 Qe7 25.Qg3
Qf6 26.Rxc5 Rxe6 27.Rxb5 Bc6 28.Rc5 Rfe8 29.Rc4 Re2 30.b4 Re1+
31.Rxe1 Rxe1+ 32.Kh2 Re2 33.Nf3 Bxf3 34.Qxf3 Qxf3 35.gxf3 Rxf2+
36.Kg3 Rd2 37.a4 h4+ 38.Kf4 Rh2 39.Rc7 Kg7 40.b5 Rxh3 41.Rxa7
Rh2 42.Rd7 Rxc2 43.Rxd4 h3 44.Kg3 h2 45.Rh4 Ra2 46.Rxh2 Rxa4
47.Rb2 Ra8 48.b6 Rb8 49.b7 Kf6 50.Kf4 Ke6 51.Kg5 Ke5 52.Rb4 Ke6
53.Rb5 Ke7 54.Rb6 Kd7 55.Kf6 Kc7 56.Rb1 g5 57.Kxg5 1-0

[Event "Vadsøsjakken"]
[Site "Vadsø"]
[Date "2010.08.29"]
[Round "5"]
[White "Flermoen, Peter"]
[Black "Boitsov, Gennadij"]
[Result "0-1"]
[WhiteElo "2110"]
[BlackElo "2224"]
[Annotator ""]
[Source ""]
[Remark "Gruppe A"]

1.e4 c5 2.Nf3 e6 3.d4 cxd4 4.Nxd4 a6 5.Bd3 Nc6 6.Nxc6 dxc6 7.O-O
e5 8.Nd2 Nf6 9.Qf3 Qc7 10.Qg3 Nh5 11.Qe3 Nf4 12.Bc4 Be6 13.a4
Rd8 14.b3 Bb4 15.Bxe6 Nxe6 16.c3 Be7 17.a5 Nf4 18.Nc4 Rd3 19.Qa7
Ne2+ 20.Kh1 O-O 21.Bb2 Nxc3 22.Qb6 Qxb6 23.axb6 f6 24.Bxc3 Rxc3
25.Na5 Rb8 26.Rac1 Bb4 27.Rxc3 Bxc3 28.Nc4 Rd8 29.Rc1 Bb4 30.Kg1
Rd3 31.Rb1 Kf7 32.Kf1 Rd4 33.f3 Ke6 34.Ke2 Kd7 35.Rb2 h5 36.g3
Ke6 37.Rc2 g6 38.Nb2 f5 39.Ke3 Be7 40.exf5+ gxf5 41.Nd3 Rd5 42.Rc4
Rb5 43.b4 Rxb6 44.g4 Kd5 45.Rc2 fxg4 46.fxg4 hxg4 47.Rg2 Bxb4
48.Rxg4 Bc5+ 0-1

[Event "Vadsøsjakken"]
[Site "Vadsø"]
[Date "2010.08.29"]
[Round "5"]
[White "Kristensen, Kjell Ole"]
[Black "Dezhurko, Arkadi"]
[Result "0-1"]
[WhiteElo "2017"]
[BlackElo "2151"]
[Annotator ""]
[Source ""]
[Remark "Gruppe A"]

1.e4 e5 2.Nf3 Nf6 3.Nc3 d5 4.exd5 e4 5.Ng5 Bf5 6.Qe2 Bd6 7.d3
h6 8.dxe4 Bg4 9.Nf3 O-O 10.h3 Bh5 11.g4 Bg6 12.e5 Re8 13.Bg2
Bb4 14.O-O Bxc3 15.bxc3 Nxd5 16.Qc4 Nb6 17.Qb3 Be4 18.Bf4 Bd5
19.Qb1 Nc6 20.Re1 Qe7 21.Nd4 Bxg2 22.Kxg2 Qc5 23.Qb3 Nxd4 24.cxd4
Qxd4 25.Bg3 Re6 26.Rad1 Qc5 27.f4 Rc6 28.Re2 Qc4 29.Red2 Qe4+
30.Kh2 Rc4 31.Re1 Qc6 32.Qd3 Re8 33.Re3 Rc5 34.Re4 Rc3 35.Qe2
Nc4 36.Rd3 Nb6 37.Rxc3 Qxc3 38.h4 c6 39.f5 Rd8 40.Be1 Qc5 41.Bb4
Qd5 42.a3 a5 43.Be7 Re8 44.f6 Nc8 45.c4 Qe6 46.Bc5 gxf6 47.Qf2
fxe5 48.Qe2 Nd6 49.Bxd6 Qxd6 50.g5 hxg5 51.hxg5 Kg7 52.Kg2 Rh8
53.Rxe5 Qxa3 54.Re3 Qa1 55.Kg3 Qg1+ 56.Kf4 Qh2+ 57.Kf5 Qxe2 58.Rxe2
Rh4 0-1

[Event "Vadsøsjakken"]
[Site "Vadsø"]
[Date "2010.08.29"]
[Round "5"]
[White "Walseth, Tron"]
[Black "Svenske, Jan"]
[Result "1-0"]
[WhiteElo "1950"]
[BlackElo "1717"]
[Annotator ""]
[Source ""]
[Remark "Gruppe A"]

1.c4 Nf6 2.g3 g6 3.Bg2 Bg7 4.Nc3 c5 5.Rb1 Nc6 6.a3 a5 7.Nf3 O-O
8.O-O d6 9.d3 Bd7 10.h3 Rb8 11.Kh2 Na7 12.a4 Nc6 13.e4 Nb4 14.Ne1
h6 15.f4 Nh7 16.g4 f5 17.gxf5 gxf5 18.Rg1 Kh8 19.Nf3 Qe8 20.Nb5
Rc8 21.Qe2 Qh5 22.exf5 Bf6 23.Nfd4 Qxe2 24.Nxe2 Bxf5 25.Be4 Bxe4
26.dxe4 Nd3 27.Nbc3 Nxc1 28.Rbxc1 e5 29.f5 Ng5 30.Rg3 Rg8 31.Rcg1
Nf7 32.Rxg8+ Rxg8 33.Rxg8+ Kxg8 34.Kg3 h5 35.h4 Kh7 36.Nd5 Bd8
37.Ng1 Nh6 38.Nf3 Nf7 39.Nc3 Kg7 40.Ne2 Be7 {(=)} 41.Nc3 Kh6
42.Nb5 Bd8 43.Nd2 Kg7 44.Nb1 Kf8 45.N1c3 Ke8 46.Kh3 Kf8 47.Na7
Ke8 48.Ne2 Nh6 49.Nb5 Kd7 50.Nbc3 Ng4 51.Nd1 Ke8 52.Ng1 Kf7 53.Nf3
Kg7 54.Ng5 Be7 55.Kg3 Kh6 56.Ne6 Kh7 57.Ne3 Kg8 58.Nd5 Kf7 59.Ng5+
Ke8 60.Kg2 Bf8 61.Kf3 1-0